000 00707nam a2200217Ii 4500
003 JO-AjNU
008 230605s9999||||xx |||||||||||||| ||und||
017 _a20057/1629
040 _aJO-AjNU
_bara
_erda
_cJO-AjNU
041 _aara
050 1 4 _aQP312.K47 2006
100 3 _aخريسات ، طلال,
_eauthor
_916428
245 0 0 _aالوجيز في علم وظائف الاعضاء=PHYSOLOGY
250 _aط1
264 3 1 _aعمان:مكتبة المجتمع العربي ، 2006
300 _a185ص
336 _atext
_btxt
_2rdacontent
337 _aunmediated
_bn
_2rdamedia
338 _avolume
_bnc
_2rdacarrier
650 4 _aالفسيولوجيا - الاعضاء - جسم الانسان
_916429
999 _aA4864
_c8432
_d8432